00442nam a22001337a 450000500170000000800410001702000150005804000130007308200140008624501280010025000130022826000550024130000120029620181120121313.0181120b ||||| |||| 00| 0 eng d a0071395938 cPK-LaUMT a610bCUR- aCurrent medical diagnosis & treatment [CMDT] 2003 /cedited by Lawrence MTierney, Stephen J. McPhee and Maxine A. Papadakis a42th ed. aNew York :bLange Medical Books/McGraw-Hill,c2003 a1860 p.